00439nam a22001697a 450000500170000001000150001702000270003203500140005903700090007308200080008210000250009024500470011525000060016226000360016827000470020430000180025120240503120650.0 aENG-140271 c200.00 a9788195664856 aEN-123803 bDBAD a881 aHansdak, Ivy Imogene aThe Prism of Life/cBy Ivy Imogene Hansdak a1 c2022aKolkatabWriters Workshop a162/42, Lake GardensbWest Bengale700 045 a61p.;c22(HB)